000 00355nam a2200133Ia 4500
008 100328s9999 xx 000 0 und d
082 _b53891
100 _aअंतरकर आनंद-संपा.
245 _aहंस कथा-2
260 _bहंस
630 _aहंस कथा-2
730 _aहंस कथा-2
942 _cBOOK
999 _c540622
_d540619